[Event "CHN-ch Rapid Women 2017"]
[Site "Shenzhen"]
[Date "2017.12.07"]
[Round "5"]
[White "Wang, Jue"]
[Black "Zhai, Mo"]
[Result "1-0"]
[WhiteElo "2359"]
[BlackElo "2302"]
[Annotator "TA"]
[PlyCount "59"]
[EventDate "2017.??.??"]
[EventType "rapid"]
[EventCountry "CHN"]
[SourceTitle "playchess.com"]
[Source "ChessBase"]
[SourceQuality "1"]

{[%evp 15,59,-22,-18,-35,-26,-49,-34,-102,-74,-112,-64,-83,-59,-113,-36,-54,-52,-164,-149,-193,-102,-119,-35,-42,-25,-75,0,-68,-50,-54,0,-54,0,0,116,-38,131,129,659,664,1110,1025,1043,897,29985,29986]} 1. e4 e5 2. Nc3 Nc6 3. g3 Bc5 4. Bg2 a6 5. Nge2 d6 6. d3 Nge7 7. h3 {C25: Vienna Game: Alternatives to 2...Nf6} (7. O-O O-O 8. Kh1 f5 9. f4 Ba7 10. fxe5 Nxe5 11. d4 N5g6 12. Be3 fxe4 13. Nxe4 Rxf1+ 14. Qxf1 Bf5 {½-½ (47) Oparin,G (2543)-Leko,P (2723) Moscow 2014}) 7... O-O 8. O-O f5 {LiveBook: 4 Games} 9. Nd5 {The position is equal.} Be6 10. c3 Ba7 $146 ({Predecessor:} 10... fxe4 11. dxe4 Qd7 12. g4 {0-1 (30) Hasanzade,T (2306)-Abdulov,O (2354) Baku 2016}) 11. a4 (11. Be3 $15) 11... Qd7 $17 12. h4 a5 13. Nxe7+ Qxe7 14. d4 {[#]} (14. exf5 $15 Rxf5 15. d4) 14... exd4 (14... f4 $1 $17 {[%cal Rf4f3][%mdl 512] Hoping for ...f3.} 15. d5 (15. gxf4 Qxh4) 15... f3) 15. cxd4 {Threatens to win with d5.} Bc4 $1 16. d5 (16. Bg5 $15 Qf7 17. exf5) 16... Ne5 $19 17. Bg5 Qe8 (17... Qd7 $1 $19 {Strongly threatening ...fxe4.} 18. b3 Ba6) 18. Rc1 Bb6 (18... fxe4 $17 19. Bxe4 Qd7) 19. exf5 $1 $15 Rxf5 {aiming for ...Qf7.} 20. Be4 Rf8 {[#]} (20... Qf7 $17 {[%cal Rf5f2]} 21. Rxc4 Nxc4) 21. Qc2 (21. Rxc4 $1 $11 {[%mdl 512]} Nxc4 22. Qc2) 21... Kh8 22. Kg2 Ba6 (22... Bxe2 $15 23. Qxe2 Qxa4) 23. f3 ({White should try} 23. Nf4 $11) 23... c6 ({Better is} 23... Bxe2 $15 24. Qxe2 Qxa4) 24. Rfd1 $1 $11 {[%cal Rd5c6,Bf1d1,Bd1h1,Bh1h6][%mdl 32]} Bc5 (24... cxd5 $1 $11 25. Bxd5 Qd7) 25. Nd4 $2 (25. Nf4 $16) 25... h6 $2 {[#]} (25... Qh5 $15 26. dxc6 bxc6) 26. Ne6 $1 $16 hxg5 $4 {[%mdl 8192]} (26... cxd5 $16 27. Bxd5 Rxf3 28. Nxc5 dxc5) 27. hxg5 $18 g6 28. Rh1+ Kg8 29. Rh6 Bd3 {[#]} 30. Rch1 $1 {[%mdl 512] Precision: White = 39%, Black = 26%.} 1-0

[Event "CHN-ch Rapid Women 2017"]
[Site "Shenzhen"]
[Date "2017.12.07"]
[Round "5"]
[White "Zhang, Xiaowen"]
[Black "Zhao, Shengxin"]
[Result "1-0"]
[WhiteElo "2332"]
[BlackElo "2183"]
[Annotator "TA"]
[PlyCount "76"]
[EventDate "2017.??.??"]
[EventType "rapid"]
[EventCountry "CHN"]
[SourceTitle "playchess.com"]
[Source "ChessBase"]
[SourceQuality "1"]

{[%evp 23,76,27,37,-2,25,32,29,25,47,0,44,32,79,53,63,75,200,186,189,27,436,435,429,414,445,441,433,433,645,641,679,677,716,676,886,714,1175,1140,1031,643,657,643,631,583,870,863,870,841,2516,2298,29989,29990,29992,29993,29996]} 1. e4 c5 2. Nf3 d6 3. d4 cxd4 4. Nxd4 Nf6 5. Nc3 a6 6. Be2 e5 7. Nb3 Be7 8. O-O O-O 9. Qd3 Be6 10. Nd5 {B92: Sicilian Najdorf: 6 Be2} Nbd7 11. Bd2 Bxd5 12. exd5 Ne8 {LiveBook: 3 Games} 13. c4 Bg5 {[#]} 14. Na5 $146 ({Predecessor:} 14. Bxg5 Qxg5 15. Na5 b6 16. Nc6 a5 17. b3 f5 {0-1 (58) Li,C (2755)-Giri,A (2790) Stavanger 2016}) 14... Rb8 15. b4 f5 16. f3 Qf6 17. Rac1 Qh6 18. Bxg5 Qxg5 19. c5 $36 {[%mdl 2048] White has strong initiative.} dxc5 (19... Ndf6 $16 {keeps fighting.}) 20. bxc5 $18 e4 21. Qb3 $2 {[#]} (21. fxe4 $18 {And now c6 would win.} fxe4 22. Qd4 (22. Qxe4 Nef6 $16)) 21... b6 $2 {[%mdl 8192]} (21... Qd2 $11 {and Black is okay.} 22. Nxb7 Nxc5 23. Rxc5 Qxe2 24. d6+ Kh8) 22. Nc6 exf3 23. Bxf3 Rb7 24. d6+ Kh8 25. Rfe1 Nef6 (25... Nxc5 $142 26. Rxc5 bxc5 27. Qxb7 Nxd6 28. Qxa6 Ne4) 26. Ne7 Rbb8 27. c6 Nc5 28. Qc2 Nfe4 29. c7 Rbe8 30. Bxe4 fxe4 31. c8=Q Rxc8 32. Nxc8 Rxc8 33. Rxe4 Rd8 34. Re7 Nd3 35. Rf1 Nf4 36. Rfe1 {[#] Threatening mate with Re8+.} Qh5 37. d7 Rf8 38. Re8 {[%cal Re8f8]} Qd5 {Precision: White = 73%, Black = 24%.} 1-0

[Event "CHN-ch Rapid Women 2017"]
[Site "Shenzhen"]
[Date "2017.12.07"]
[Round "5"]
[White "Zhu, Jiner"]
[Black "Xu, Huahua"]
[Result "1-0"]
[WhiteElo "2324"]
[BlackElo "2222"]
[Annotator "TA"]
[PlyCount "61"]
[EventDate "2017.??.??"]
[EventType "rapid"]
[EventCountry "CHN"]
[SourceTitle "playchess.com"]
[Source "ChessBase"]
[SourceQuality "1"]

{[%evp 14,61,29,7,70,56,67,77,70,20,22,18,36,24,40,-20,41,40,78,79,472,477,464,365,766,752,729,488,665,660,648,632,1118,1102,1099,1016,2078,2012,1875,1925,4710,2389,29998,29991,29991,29992,29992,29989,29993,29994]} 1. e4 {[%cal Be2e4,Be4e5][%mdl 32]} c6 2. d4 d5 3. e5 Bf5 4. h4 h6 5. g4 Be4 6. f3 Bh7 7. e6 fxe6 {B12: Caro-Kann: Advance Variation} (7... c5 8. Bb5+ Nc6 9. Ne2 fxe6 10. Bf4 Nf6 11. dxc5 Nd7 12. Nd4 Bg8 13. Nxc6 bxc6 14. Bxc6 Rc8 15. Bxd7+ Qxd7 {1-0 (41) Onischuk,V (2629)-Kovalenko,I (2656) Cappelle-la-Grande 2015}) 8. Bd3 {LiveBook: 4 Games} Qd6 (8... c5 $11) 9. Bxh7 $14 Rxh7 {White is slightly better.} 10. Qd3 Nf6 11. Ne2 $146 ({Predecessor:} 11. f4 c5 12. dxc5 Qxc5 13. Be3 Qd6 14. Nc3 Nc6 15. Nb5 {½-½ (26) Randak,P (1826)-Elias,M (2043) Marianske Lazne 2016}) 11... e5 12. dxe5 Qxe5 13. Nbc3 {Strongly threatening Qg6+.} Nbd7 14. Qg6+ Kd8 15. Bf4 $36 {[%mdl 2048] Black is under pressure.} Qe6 16. O-O-O {Nd4 is the strong threat.} Ne5 $2 {[%mdl 8192] [#]} (16... Qg8 $16 {is more resistant.}) 17. Bxe5 $1 $18 Qxe5 18. Rhe1 Qe3+ $2 (18... Qd6 19. g5 (19. Ne4 Nxe4 20. Qxh7 Nf6 $16) 19... hxg5) 19. Kb1 Qxf3 20. Rf1 Qe3 21. g5 hxg5 22. hxg5 Rh2 23. gxf6 gxf6 24. Nf4 Rc8 25. Nfxd5 cxd5 26. Nxd5 Qc5 {[#]} 27. Nxe7+ $1 {[%mdl 512]} Kxe7 28. Rfe1+ {White mates.} Qe5 29. Rxe5+ fxe5 30. Qg5+ Kf7 31. Qf5+ {Precision: White = 93%, Black = 37%.} 1-0

[Event "CHN-ch Rapid Women 2017"]
[Site "Shenzhen"]
[Date "2017.12.07"]
[Round "5"]
[White "Ren, Xiaoyi"]
[Black "Xiao, Yiyi"]
[Result "1/2-1/2"]
[WhiteElo "2254"]
[BlackElo "2311"]
[Annotator "TA"]
[PlyCount "29"]
[EventDate "2017.??.??"]
[EventType "rapid"]
[EventCountry "CHN"]
[SourceTitle "playchess.com"]
[Source "ChessBase"]
[SourceQuality "1"]

{[%evp 22,29,27,-7,14,0,9,0,0,0]} 1. d4 d5 2. c4 dxc4 3. e3 Nf6 4. Bxc4 e6 5. Nf3 a6 6. O-O c5 7. dxc5 Qxd1 8. Rxd1 Bxc5 9. b3 b5 10. Be2 Bb7 11. Bb2 Nbd7 12. Nc3 {LiveBook: 5 Partien. D27: Angenommenes Damengambit (Hauptvariante 7.e4, 7.a4)} (12. Nbd2 O-O 13. a4 bxa4 14. Rxa4 Nb6 15. Raa1 a5 16. Nc4 Nxc4 17. Bxc4 Bb4 18. Ne5 Nd5 19. Nd3 Be7 20. Ba3 Bxa3 21. Rxa3 {½-½ (30) Nikolic,P (2618)-Stevic,H (2596) Sarajevo 2015}) 12... Ke7 {Die Stellung ist ausgeglichen.} 13. Rac1 Rac8 14. Ne1 $146 ({Vorgänger:} 14. Nd4 Rhd8 15. Bf3 Bxf3 16. Nxf3 Nb6 17. Rxd8 Rxd8 18. Kf1 {½-½ (36) Wittenberg,A (1944)-Czybik,N (2012) Kranenburg 2008}) 14... Rhd8 15. Bf3 1/2-1/2

[Event "CHN-ch Rapid Women 2017"]
[Site "Shenzhen"]
[Date "2017.12.07"]
[Round "5"]
[White "Gu, Tianlu"]
[Black "Chu, Ruotong"]
[Result "1-0"]
[WhiteElo "2197"]
[BlackElo "2166"]
[Annotator "TA"]
[PlyCount "101"]
[EventDate "2017.??.??"]
[EventType "rapid"]
[EventCountry "CHN"]
[SourceTitle "playchess.com"]
[Source "ChessBase"]
[SourceQuality "1"]

{[%evp 10,101,-14,-14,-16,-16,-9,-34,-33,-38,-10,-16,-3,0,12,-11,-12,-7,-7,-8,0,-10,-12,-19,-19,-27,0,0,9,9,13,0,1,-28,-16,-18,11,6,14,-9,0,0,0,-14,-18,-118,-120,-109,-74,-69,-51,-40,0,0,0,0,0,0,0,-203,0,0,0,0,2,0,104,94,83,72,159,152,343,350,428,429,416,416,522,525,509,491,472,400,401,341,462,454,424,295,291,301,323,317]} 1. e4 e5 2. Nf3 Nf6 3. Qe2 Nc6 4. g3 Bc5 5. Bg2 O-O (5... d6 6. d3 h6 7. Nbd2 a5 8. Nc4 a4 9. O-O O-O 10. c3 Re8 11. Ne3 Be6 12. Nh4 d5 13. Nhf5 {0-1 (30) Antipov,M (2569)-Ivanchuk,V (2726) Berlin 2015}) 6. O-O {LiveBook: 3 Games. C42: Petroff Defence: 3 Nxe5 and unusual White 3rd moves} Re8 7. d3 d5 8. c3 {The position is equal.} a5 9. Nbd2 dxe4 10. Nxe4 $146 ({Predecessor:} 10. dxe4 b6 11. a4 Ba6 12. Nc4 Qd7 13. Bg5 {0-1 (35) Rozentalis,E (2602)-Porat,I (2424) Israel 2013}) 10... Nxe4 11. Qxe4 {[#] aiming for Ng5.} Qf6 12. Ng5 Bf5 13. Qc4 {Black must now prevent Bd5.} Bb6 14. Ne4 Qe6 15. Qxe6 Bxe6 16. Be3 Rad8 17. Rfd1 Bxe3 18. fxe3 Bg4 19. Rd2 Ne7 20. h3 Bc8 21. g4 b6 22. Ng3 Ba6 23. d4 exd4 24. exd4 Nd5 25. Bxd5 Rxd5 26. Kf2 Rd6 27. Rdd1 (27. b3 $11 {remains equal.}) 27... Rf6+ $17 28. Kg2 Bb7+ 29. d5 c6 30. Re1 {[%cal Re1e8] [#]} Rd8 31. Re7 Ba8 32. Nf5 g6 33. Nh6+ $1 $40 {[%mdl 128] White is up to no good.} Kf8 34. Rae1 $2 (34. Ra7 $1 $11 {and White is okay.} g5 35. Nf5) 34... g5 $2 ({Worse is} 34... Rxd5 35. Re8+ Kg7 36. Ng8 $11) (34... cxd5 $19 35. Kg1 d4 36. cxd4 Rf3) 35. Nf5 $11 cxd5 36. Nd4 Rfd6 37. Kg3 R6d7 (37... Bc6 $11) 38. R7e5 $16 h6 39. Nf5 Bc6 (39... d4 $142) 40. Nxh6 f6 $2 (40... Rd6 $16) 41. Re6 $18 Rd6 42. Nf5 Rxe6 43. Rxe6 {[%mdl 4096] Endgame KRB-KRN} Rc8 44. Rxf6+ Ke8 45. Nd4 Bd7 46. Rxb6 a4 47. Rg6 Kf7 48. Rxg5 a3 49. bxa3 Rxc3+ 50. Kh4 Be6 51. Re5 {Precision: White = 50%, Black = 39%.} 1-0

[Event "CHN-ch Rapid Women 2017"]
[Site "Shenzhen"]
[Date "2017.12.07"]
[Round "5"]
[White "Li, Xueyi"]
[Black "Kuang, Yinghui"]
[Result "0-1"]
[WhiteElo "2190"]
[BlackElo "2220"]
[Annotator "TA"]
[PlyCount "82"]
[EventDate "2017.??.??"]
[EventType "rapid"]
[EventCountry "CHN"]
[SourceTitle "playchess.com"]
[Source "ChessBase"]
[SourceQuality "1"]

{[%evp 17,82,29,35,-8,25,20,53,0,25,38,57,10,11,6,17,23,25,8,39,14,18,0,0,0,0,-16,-16,-20,-21,-16,-24,-37,-25,-140,-149,-141,-127,-131,-111,-147,-146,-161,-164,-160,-162,-414,-276,-370,-343,-343,-335,-439,-423,-408,-366,-639,-616,-548,-275,-418,-418,-827,-813,-5689,-5489,-5469,-5422]} 1. d4 Nf6 2. c4 e6 3. g3 d5 4. Bg2 Be7 5. Nf3 O-O 6. O-O c6 7. b3 Nbd7 8. Bb2 Ne4 9. Nc3 f5 {LiveBook: 13 Partien} 10. Nd2 {A95: Holländische Verteidigung (Stonewall)} (10. e3 b6 11. Ne2 Bd6 12. Nf4 Qe7 13. Qc2 Bb7 14. Rfd1 Rac8 15. Rac1 dxc4 16. Qxc4 Bxf4 17. exf4 Ndf6 18. b4 {1-0 (48) Leko,P (2723)-Fedoseev,V (2661) Moscow 2014}) 10... Ndf6 11. e3 Bd7 $146 ({Vorgänger:} 11... Bd6 12. Ndxe4 fxe4 13. f3 exf3 14. Bxf3 Qe7 15. e4 dxe4 16. Nxe4 Nxe4 17. Bxe4 Rxf1+ 18. Qxf1 {1-0 (39) Maloberti,D (2115)-Westin,A (2094) IECC email 2001}) 12. f3 ({Lieber} 12. Nf3 $14) 12... Nxd2 (12... Nxc3 {is interesting.} 13. Bxc3 c5 14. Qe2 Rc8 15. a4 Be8) 13. Qxd2 b5 14. cxb5 cxb5 15. Ne2 {[%cal Bc3e2,Be2c1,Bc1d3,Bd3e5][%mdl 32]} Bd6 16. Nc1 b4 17. Nd3 Qb6 18. Rfc1 Rfc8 19. Ne5 Bb5 20. Rxc8+ Rxc8 21. Rc1 Rxc1+ 22. Qxc1 Qa6 23. Qc2 Nd7 24. Nxd7 Bxd7 25. Bf1 (25. Bc1 $11 {bleibt in der Remisbreite.}) 25... Qxa2 $17 26. Bd3 Qa5 27. e4 {[%cal Re4f5]} Qc7 28. Qe2 g6 29. g4 fxe4 30. fxe4 Bf4 31. Bb5 $2 {[#]} (31. e5) 31... Bxh2+ 32. Kh1 {Weiss will Lxd7 spielen.} Bd6 33. e5 Be7 34. Bxd7 Qxd7 35. Qc2 Bd8 36. Qc5 $2 (36. Bc1) 36... Qf7 37. Qc8 Qe7 38. Kg2 (38. g5 $142) 38... Kf7 $19 39. Kf3 (39. Qc1 $142) 39... Qh4 {[#] ( -> ...Dh3+). Schwarz steht klar auf Gewinn.} 40. Qd7+ Be7 41. Bc1 Qh1+ {Precision: Weiß = 12%, Schwarz = 60%.} 0-1

[Event "CHN-ch Rapid Women 2017"]
[Site "Shenzhen"]
[Date "2017.12.07"]
[Round "5"]
[White "Zhang, Lanlin"]
[Black "Yuan, Ye"]
[Result "1-0"]
[WhiteElo "2183"]
[BlackElo "2159"]
[Annotator "TA"]
[PlyCount "99"]
[EventDate "2017.??.??"]
[EventType "rapid"]
[EventCountry "CHN"]
[SourceTitle "playchess.com"]
[Source "ChessBase"]
[SourceQuality "1"]

{[%evp 30,99,28,37,77,67,94,48,58,33,50,28,64,66,72,68,55,73,155,122,229,227,272,286,282,279,386,377,316,107,125,69,69,69,70,70,69,50,158,162,160,130,134,132,163,140,174,174,181,172,189,183,340,340,330,166,166,167,175,175,174,175,166,150,150,150,153,153,160,154,29976,29975]} 1. e4 c5 2. Nf3 e6 3. d4 cxd4 4. Nxd4 Nc6 5. Nc3 Qc7 6. Be2 a6 7. O-O Nf6 8. Be3 Bb4 9. Nxc6 bxc6 10. Qd4 c5 11. Qc4 Bb7 {B49: Sicilian: Taimanov: 5 Nc3 Qc7 6 Be3 a6 7 Be2} (11... O-O 12. Na4 d6 13. a3 Bd7 14. e5 Bb5 15. Qh4 dxe5 16. axb4 Bxe2 17. Rfe1 Bb5 18. Nxc5 Nd7 19. c4 {1-0 (31) Wei,Y (2725)-Karthikeyan,M (2578) Liaocheng 2017}) 12. a3 (12. Bf3 Qe5 13. Na4 Nxe4 14. Bxe4 Qxe4 15. Qxe4 Bxe4 16. c3 Ba5 17. Nxc5 Bd5 18. Rfd1 d6 19. Nd3 {1-0 (70) Zhang,L (2080)-Yuan,Y (2306) Xinghua 2017}) 12... d5 13. exd5 exd5 14. Qf4 Qxf4 15. Bxf4 Bxc3 16. bxc3 {[%cal Bb2c3,Bc3c4][%mdl 32] LiveBook: 4 Games} Ne4 {[#]} 17. c4 $146 ({Predecessor:} 17. Bf3 O-O-O 18. Bg4+ {1-0 (18) Perunovic,M (2558)-Wyss,T (2297) Winterthur 2010}) 17... d4 18. Bf3 {And now Rfb1 would win.} f5 $1 19. Rab1 Bc6 $1 20. Rb6 Kd7 21. c3 $36 {[%cal Bc2c3,Bc3d4][%mdl 2080] White is more active.} g5 $1 {[%cal Rg5f4]} 22. Be5 Rhe8 $1 {[%cal Re8e5]} 23. cxd4 g4 (23... cxd4 $142 24. Bxe4 (24. Bxd4 g4 $16) 24... Bxe4 25. Bxd4 Re6) 24. Bxe4 fxe4 (24... Bxe4 $16 25. Rd6+ Kc8) 25. Rd1 $18 Ba4 26. Rd2 Kc8 27. Bg3 cxd4 28. Rxd4 Rd8 29. Rxd8+ $2 (29. Bd6 $18 {and the rest is easy.}) 29... Kxd8 {[%mdl 4096] Endgame KRB-KRB} 30. h3 (30. c5 $16) 30... gxh3 $14 31. gxh3 Rc8 32. Rxa6 Rxc4 33. Rh6 Kd7 ({Black should play} 33... Rc1+ $14 34. Kg2 Bc6) 34. Rxh7+ $16 Ke6 35. Rh6+ Kf5 36. Rh5+ Ke6 37. Re5+ Kf6 38. h4 Bd1 {[#]} 39. Ra5 $1 Bf3 {( -> ...Rc1+)} 40. Bf4 Rc2 $2 (40... Rc8 {was necessary.} 41. a4 Rg8+ 42. Kf1 Ke6 43. Re5+ Kf6) 41. h5 $18 Ra2 42. h6 (42. Bg5+ $142 Ke6 43. h6) 42... Ra1+ 43. Kh2 Rh1+ 44. Kg3 {Bg5+ is the strong threat.} Rg1+ 45. Kh3 {Threatens to win with Bh2.} Rh1+ 46. Bh2 {aiming for Rg5!} Kg6 47. Ra6+ Kh7 48. a4 Ra1 49. Be5 Be2 $2 {[#]} (49... Rh1+ $16 50. Bh2 (50. Kg3 Rxh6 51. Ra5 Kg6 $16) 50... Ra1) 50. Ra7+ {Precision: White = 54%, Black = 37%.} 1-0

[Event "CHN-ch Rapid Women 2017"]
[Site "Shenzhen"]
[Date "2017.12.07"]
[Round "5"]
[White "Hong, Xing"]
[Black "Ni, Shiqun"]
[Result "0-1"]
[WhiteElo "2017"]
[BlackElo "2441"]
[Annotator "TA"]
[PlyCount "46"]
[EventDate "2017.??.??"]
[EventType "rapid"]
[EventCountry "CHN"]
[SourceTitle "playchess.com"]
[Source "ChessBase"]
[SourceQuality "1"]

{[%evp 20,46,27,28,38,7,5,-2,0,-31,-48,-64,-62,-88,-82,-103,-56,-289,-278,-278,-293,-525,-514,-1175,-1022,-1131,-1032,-1032,-878]} 1. e4 e5 2. Nf3 Nf6 3. Nc3 Bb4 4. Nxe5 O-O 5. Be2 Re8 6. Nd3 Bxc3 7. dxc3 Nxe4 8. O-O d6 9. Nf4 Nd7 10. f3 {C42: Petroff Defence: 3 Nxe5 and unusual White 3rd moves} Nef6 11. c4 {LiveBook: 4 Games} Ne5 12. Nd5 $146 {White is slightly better.} ({Predecessor:} 12. b3 a5 13. a4 Ng6 14. Nxg6 {½-½ (14) Richter,W (2460)-Raetsky,A (2440) Germany 1996}) 12... Nxd5 13. cxd5 Bf5 14. f4 Nd7 15. Bf3 Qf6 16. Rb1 Re7 17. b3 Qg6 18. Rf2 $2 (18. Bh5 $15 Bxc2 19. Bxg6 Bxd1 20. Bxf7+ Kxf7 21. Rxd1) 18... Rae8 $19 {Threatens to win with ...Re1+.} 19. Bb2 {[#]} Bxc2 $1 {[%mdl 512]} 20. Bh5 $2 (20. f5 {keeps fighting.} Bxf5 21. Ra1) (20. Qxc2 Re1+) 20... Bxb1 {Black is clearly winning.} 21. Qd4 (21. Bxg6 $142 Re1+ 22. Rf1 Rxd1 23. Rxd1 Bxg6 24. Bd4) 21... Re1+ 22. Rf1 Rxf1+ 23. Kxf1 Qd3+ {Precision: White = 15%, Black = 69%.} 0-1

[Event "CHN-ch Rapid Women 2017"]
[Site "Shenzhen"]
[Date "2017.12.07"]
[Round "6"]
[White "Ni, Shiqun"]
[Black "Ren, Xiaoyi"]
[Result "1/2-1/2"]
[WhiteElo "2441"]
[BlackElo "2254"]
[Annotator "TA"]
[PlyCount "56"]
[EventDate "2017.??.??"]
[EventType "rapid"]
[EventCountry "CHN"]
[SourceTitle "playchess.com"]
[Source "ChessBase"]
[SourceQuality "1"]

{[%evp 17,56,62,75,51,65,62,82,83,84,93,89,87,78,91,101,96,106,108,120,116,126,97,125,117,183,173,164,164,148,97,104,55,54,52,46,54,43,41,46,0,3]} 1. e4 e5 2. Nf3 d6 3. d4 exd4 4. Nxd4 Nf6 5. Nc3 Be7 6. g3 O-O 7. Bg2 {C41: Philidor Defence} Re8 8. O-O c5 (8... Bf8 9. Bf4 Nbd7 10. Qd2 Ne5 11. Rad1 c6 12. h3 b5 13. b3 b4 14. Na4 c5 {1-0 (48) Vachier Lagrave,M (2731)-Rapport,R (2671) Biel 2015}) 9. Nde2 {[%cal Bd4e2,Be2f4,Bf4d5,Bd5e3][%mdl 32]} Nc6 {LiveBook: 3 Games} 10. h3 Be6 11. Nf4 $146 ({Predecessor:} 11. b3 Qb6 12. Bb2 Rad8 13. Nf4 Qa5 14. Re1 Nd4 {1-0 (26) Hasangatin,R (2505)-Scepanovic,L (2153) Palic 2016}) 11... Bc4 {[#]} 12. Re1 $1 Nd4 13. b3 Ba6 14. Bb2 Bf8 15. Ncd5 Nxd5 16. Nxd5 Nc6 17. Qd2 Ne7 18. Ne3 Rc8 19. c4 b6 20. Rad1 Ng6 (20... Nc6 $16 {might work better.} 21. Nf5 Re6) 21. Nf5 b5 22. Nxd6 Bxd6 23. cxb5 (23. Qxd6 $142 Qa5 24. cxb5 Bxb5 25. Qd2 Qxd2 26. Rxd2) 23... Bxg3 $16 {[#] ...Qxd2 is the strong threat.} 24. Qc3 {[%csl Gb2][%cal Rc3g7]} (24. Qxd8 {keeps more tension.} Rcxd8 25. bxa6 Bc7 26. Bc1 Be5 27. Rxd8 Rxd8 28. Be3) 24... Be5 25. Rxd8 Bxc3 26. Rxe8+ Rxe8 27. Bxc3 Bxb5 28. Rd1 Nf4 {Precision: White = 59%, Black = 43%.} 1/2-1/2

[Event "CHN-ch Rapid Women 2017"]
[Site "Shenzhen"]
[Date "2017.12.07"]
[Round "6"]
[White "Guo, Qi"]
[Black "Xiao, Yiyi"]
[Result "1-0"]
[WhiteElo "2396"]
[BlackElo "2311"]
[Annotator "TA"]
[PlyCount "125"]
[EventDate "2017.??.??"]
[EventType "rapid"]
[EventCountry "CHN"]
[SourceTitle "playchess.com"]
[Source "ChessBase"]
[SourceQuality "1"]

{[%evp 18,125,60,75,68,63,86,67,147,119,145,148,264,106,143,170,134,-137,-139,-117,-140,-136,122,119,118,122,201,24,223,214,286,290,308,267,433,323,406,397,550,539,797,779,768,544,746,741,763,751,679,291,289,271,248,243,339,314,369,345,743,365,551,362,326,265,293,218,243,222,377,360,358,362,528,531,527,527,527,521,912,364,488,166,130,0,475,53,67,0,460,0,1124,345,1124,425,1588,1588,1506,1463,1939,1888,6522,6522,6514,6514,6506,6470,6502,6462,6299,6287]} 1. d4 d5 2. c4 e5 3. dxe5 d4 4. Nf3 Nc6 5. a3 Nge7 6. b4 {D08: Albin Counter Gambit} Ng6 7. Bb2 a5 8. b5 Ncxe5 9. Nxe5 Nxe5 10. e3 {LiveBook: 27 Games} Be6 11. Bxd4 Nxc4 12. Qc2 Nb6 $146 (12... Nd6 $14) ({Predecessor:} 12... Nd6 13. Bd3 {½-½ (41) Gelfand,B (2738)-Morozevich,A (2770) Astana 2012}) 13. Bd3 Bd6 14. Nd2 Qg5 (14... f6 $16 {might work better.} 15. Ne4 (15. Bxh7 Kf8 $16) 15... Nd5 16. Nxd6+ Qxd6) 15. Be4 (15. Ne4 $18 {is more deadly.} Qd5 16. Bxg7) 15... Nd5 16. f4 Qh6 17. f5 $2 {[%mdl 8192]} (17. Nc4 $16 {and life is bright.}) 17... Nxe3 $17 18. Qd3 {[#]} Nxf5 $1 {[%mdl 512]} 19. Bxf5 {Nf3 is the strong threat.} O-O $2 {[%mdl 8192]} (19... Qh4+ $1 $17 {stays on course.} 20. Bf2 Qf6) 20. Nf3 Rad8 21. Bxe6 fxe6 (21... Qxe6+ $16 {was necessary.} 22. Qe2 Qb3) 22. Qb3 $2 (22. O-O $18) 22... Kh8 $2 (22... Bg3+ $11 {and Black has nothing to worry.} 23. Ke2 Bd6) 23. O-O $18 Rf5 24. h3 Rdf8 25. Qc3 R8f7 $2 (25... Kg8 26. a4 (26. Qxa5 e5 $11) 26... Qg6) 26. Rae1 Bg3 27. Rd1 Bd6 28. Be5 Bf8 29. Rd8 Qg6 30. Kh1 h6 31. Kh2 Kh7 32. Nh4 Qg5 33. Nxf5 (33. Rxf8 $142 Rxf8 34. Nxf5 Rxf5 35. Rxf5 exf5 36. Qxc7) 33... Qxd8 34. Ng3 Rxf1 35. Nxf1 Bd6 36. Ng3 Kg8 37. Ne4 Qe7 $2 (37... Bxe5+ 38. Qxe5 Qd5) 38. a4 (38. Bxd6 $142 cxd6 39. b6) 38... Qf8 (38... Bxe5+ $142 39. Qxe5 b6) 39. Bg3 Bxg3+ 40. Qxg3 ({Don't take} 40. Kxg3 $6 Qf5 $18) 40... Qb4 41. Qg4 Qe7 42. Qf4 Kh7 $2 (42... Qb4 43. Qe5 Qxa4 44. Qxe6+ Kh7 45. Qf5+ Kh8 46. Qc8+ Kh7) 43. Qe5 b6 44. Nd2 Qd7 (44... Qa3 {was called for.} 45. Qe4+ (45. Qxc7 Qxa4 46. Qc4 Qd1 $18) 45... Kh8) 45. Nf3 Kg8 46. Nd4 Kf7 {and the idea ...Qd6 leaves Black hopeful.} 47. Nc6 Qd6 48. Kg3 $2 (48. Qxd6 {Intending Qf4+ and mate.} cxd6 49. Nxa5 $1 {[%mdl 512]}) 48... Qd3+ 49. Kg4 $2 (49. Kh4) 49... Qd1+ 50. Kg3 $2 {[%mdl 8192]} (50. Kh4 $1 $16 Qxa4+ 51. g4) 50... Qd3+ $1 51. Kf2 $2 (51. Kh4 $18) 51... Qc2+ $1 $14 52. Kg3 $2 {[%mdl 8192]} (52. Qe2 $14 Qxa4 53. Nd8+ Kg8 54. Nxe6) 52... Qd3+ $1 $18 53. Kh2 (53. Kh4 $142) 53... Qd6 54. Qg3 $2 (54. Qxd6 {White threatens Qf4+ and mate.} cxd6 55. Nxa5 $1 {[%mdl 512]}) 54... Kf6 $2 (54... e5 55. Qf3+ (55. Nxe5+ Ke6 $16) 55... Kg6) 55. h4 (55. Qxd6 $142 {White wants to mate with Qf4+.} cxd6 {[#]} 56. Nxa5 $1 {[%mdl 512]}) 55... Kf5 (55... e5 $142 56. Qf3+ Ke6) 56. Qxd6 cxd6 {[%mdl 4096] Endgame KN-KP} 57. Ne7+ Ke4 58. Nc8 d5 59. Nxb6 d4 60. Nc4 Kd5 61. Nxa5 d3 62. Nb3 e5 63. Kg3 {Precision: White = 42%, Black = 36%.} 1-0